| 000 | 00573nam a22002057a 4500 | ||
|---|---|---|---|
| 003 | MPLRDC | ||
| 005 | 20220104203402.0 | ||
| 008 | 210129b ||||| |||| 00| 0 eng d | ||
| 020 | _a981-229-363-9 | ||
| 082 | _a538.9 YTTS | ||
| 100 | _a亚太图书编辑部 编写 | ||
| 245 |
_a欧亚裔文化之旅 _c杨立平 译; 谢永辉 绘 |
||
| 250 | _a初版 | ||
| 260 |
_a新加坡 _b亚太图书有限公司 _c2004 |
||
| 300 | _b平 | ||
| 490 | _a缤纷文化之旅 | ||
| 520 | _a新书上架 2018-09-01。 | ||
| 650 | _a各民族风俗志 | ||
| 942 |
_cBK _o538.9 YTTS |
||
| 999 |
_c68099 _d68089 |
||